00501nam a2200181Ia 4500003000900000008004100009020001800050040001600068080002300084100001600107245004600123260003700169300001400206490005100220650001300271650001400284650002100298IN-BaIIA211028s9999 xx 000 0 eng d a0-7923-6434-1 cIIA Library a52(082.1)bASS-249 aGhosh, S. N 4aThe Neutral upper atmospherecS. N. Ghosh aDordrechtbKluwer Academicc2000 aix, 205p. aAstrophysics and space science library; v. 249 aAir glow aAntartica aUpper atmosphere